Черноморский флот, город Севастополь и некоторые проблемы российско-украинских отношений. Хроника, документы, анализ, мнения. (1991-1997 гг.) (Запись № 1554822)

Подробности
000 -МАРКЕР
контрольное поле 01752nam0a2200349 4500
001 - ИДЕНТИФИКАТОР ЗАПИСИ
контрольное поле RU\NLR\bibl\572684
005 - ИДЕНТИФИКАТОР ВЕРСИИ
контрольное поле 20260408195835.0
010 ## - МЕЖДУНАРОДНЫЙ СТАНДАРТНЫЙ НОМЕР КНИГИ (ISBN)
Номер (ISBN) 5-86712-037-6
Тираж 2000
035 ## - ДРУГИЕ СИСТЕМНЫЕ НОМЕРА
Идентификатор записи (NLR Aleph) 000564737
100 ## - ДАННЫЕ ОБЩЕЙ ОБРАБОТКИ
Данные общей обработки 20041110d1997 |||y0rusy50 ca
101 0# - ЯЗЫК РЕСУРСА
Язык текста, звукозаписи и т.д. русский
102 ## - СТРАНА ПУБЛИКАЦИИ ИЛИ ПРОИЗВОДСТВА
Страна публикации Российская Федерация
105 ## - ПОЛЕ КОДИРОВАННЫХ ДАННЫХ: ТЕКСТОВЫЕ МАТЕРИАЛЫ, МОНОГРАФИЧЕСКИЕ
Кодированные данные о монографическом текстовом документе a |||||||||
200 1# - ЗАГЛАВИЕ И СВЕДЕНИЯ ОБ ОТВЕТСТВЕННОСТИ
Основное заглавие Черноморский флот, город Севастополь и некоторые проблемы российско-украинских отношений. Хроника, документы, анализ, мнения. (1991-1997 гг.)
Сведения, относящиеся к заглавию [Сб.]
210 ## - ПУБЛИКАЦИЯ, РАСПРОСТРАНЕНИЕ И ДР.
Место издания, распространения и т.д. М.
Имя издателя, распространителя и т. д. Независимая газета
Дата издания, распространения и т.д. 1997
215 ## - ФИЗИЧЕСКАЯ ХАРАКТЕРИСТИКА
Специфическое обозначение материала и объем 63 с.
Размеры 27
601 02 - НАИМЕНОВАНИЕ ОРГАНИЗАЦИИ КАК ПРЕДМЕТ
Начальный элемент ввода Черноморский флот России
Формальный подзаголовок Документы и материалы
Системный номер авторитетной/нормативной записи 2377336
Идентификатор авторитетной/нормативной записи RU\NLR\auth\661418610
607 ## - ГЕОГРАФИЧЕСКОЕ НАИМЕНОВАНИЕ КАК ПРЕДМЕТ
Географическое наименование Российская Федерация
Тематический подзаголовок Взаимоотношения с Украиной
Системный номер авторитетной/нормативной записи 2166036
Идентификатор авторитетной/нормативной записи RU\NLR\auth\661303277
607 ## - ГЕОГРАФИЧЕСКОЕ НАИМЕНОВАНИЕ КАК ПРЕДМЕТ
Географическое наименование Российская Федерация
Тематический подзаголовок Взаимоотношения
Географический подзаголовок Украина
Системный номер авторитетной/нормативной записи 2233486
Идентификатор авторитетной/нормативной записи RU\NLR\auth\661340502
607 ## - ГЕОГРАФИЧЕСКОЕ НАИМЕНОВАНИЕ КАК ПРЕДМЕТ
Географическое наименование Украина
Тематический подзаголовок Взаимоотношения с Российской Федерацией
Системный номер авторитетной/нормативной записи 2166039
Идентификатор авторитетной/нормативной записи RU\NLR\auth\661303279
607 ## - ГЕОГРАФИЧЕСКОЕ НАИМЕНОВАНИЕ КАК ПРЕДМЕТ
Географическое наименование Украина
Тематический подзаголовок Взаимоотношения
Географический подзаголовок Российская Федерация
Системный номер авторитетной/нормативной записи 2233485
Идентификатор авторитетной/нормативной записи RU\NLR\auth\661340501
607 ## - ГЕОГРАФИЧЕСКОЕ НАИМЕНОВАНИЕ КАК ПРЕДМЕТ
Географическое наименование Крым
Тематический подзаголовок Международное положение
Идентификатор авторитетной/нормативной записи RU\NLR\auth\661409682
Системный номер авторитетной/нормативной записи 2360630
686 ## - ИНДЕКСЫ ДРУГИХ КЛАССИФИКАЦИЙ
Индекс Т3(2)74-64(2Ук)
686 ## - ИНДЕКСЫ ДРУГИХ КЛАССИФИКАЦИЙ
Индекс Т3(2Ук)74-64(2)
686 ## - ИНДЕКСЫ ДРУГИХ КЛАССИФИКАЦИЙ
Индекс Т3(2Ук-4Крм)74
686 ## - ИНДЕКСЫ ДРУГИХ КЛАССИФИКАЦИЙ
Индекс Ц66,6(2)0-13,011
801 #0 - ИСТОЧНИК ЗАПИСИ
Страна Российская Федерация
Организация NLR
Дата составления 20041110
Правила каталогизации PSBO
801 #1 - ИСТОЧНИК ЗАПИСИ
Страна Российская Федерация
Организация NLR
Дата составления 20041110
942 ## - ДОПОЛНИТЕЛЬНЫЕ ЭЛЕМЕНТЫ ЗАПИСИ (АБИС)
Тип экземпляра АБИС Книга
980 ## - КОЛЛЕКЦИЯ
Название коллекции Национальная библиография
Экземпляры
Тип экземпляра Дата поступления Источник поступления Библиотека постоянного хранения Библиотека текущего хранения Место хранения Шифр хранения Штрих-код Статус экземпляра
Книга 10.11.2004 Подсобные фонды РНБ РНБ (Московский) РНБ (Московский) Русский книжный фонд: издания с 1957 года 2004-7/4195 1-4490077